Kokkolan kaupunginosat - Statistics

Yleistilastot
  • Tätä visaa on pelattu 124 kertaa
  • Keskiarvotulos 8 / 32
Vastaustilastot
Hint Vastaus % Oikein
10 Koivuhaka
77%
2 Halkokari
66%
1 Hakalahti
61%
4 Isokylä
55%
8 Kirkonmäki
51%
16 Mesilä
47%
Hollihaka
46%
24 Rytimäki
46%
6 Kaustari
41%
17 Neristan
34%
23 Rödsö
32%
27 Tullimäki
28%
9 Kiviniitty
27%
30 Vitsari
27%
26 Torkinmäki
26%
15 Mäntykangas
24%
31 Yksipihlaja
23%
12 Lappilanmäki
20%
25 Sokoja
19%
13 Linnusperä
16%
18 Nuolipuro
12%
22 Rimmi
12%
5 Kallinen
11%
Kvikant
11%
14 Lottelund
8%
19 Palo
7%
28 Vikå
5%
29 Vitikka
5%
20 Räihä
4%
11 Korpilahti
3%
3 Hangas
0%
7 Kirilahti
0%
Ehtoja vastaavia visoja ei löytynyt
Tulosjakauma
Jokaisen tuloksen saaneiden osuus
Persentiili vastausten määrän mukaan
Tuloshistoriasi
Et ole pelannut tätä visaa